000 00371nam a22001451a 4500
082 _aM3
_bMUH/E
100 _aMuhammed Meeran Thoppil
245 _aErinju theerunnavar/
_cby Muhammed Meeran Thoppil
260 _aKollam:
_bSaindhava Books,
_c2003.
300 _a39p.
650 _aNovel Malayalam
650 _aLiterature Malayalam
650 _aLiterature
942 _cBK
999 _c13738
_d13738